| 000 | 00865nam a2200289 a 4500 | ||
|---|---|---|---|
| 003 | UPN | ||
| 005 | 20240412113900.0 | ||
| 008 | 080304s2006 sp a br 000 0 spa d | ||
| 020 | _a8434229218 | ||
| 035 | _aUPN01000154731 | ||
| 040 |
_aMX-MxUPN _bspa _cMX-MxUPN |
||
| 041 | _aspa | ||
| 050 | 4 |
_aQL49 _bM37 2006 |
|
| 100 | 1 |
_aMartí, Meritxell, _d1972- _938921 |
|
| 100 | 1 |
_aVilella, Cristina _951518 |
|
| 100 | 1 |
_aBorrás Perelló, Lluís, _d1948- _951519 |
|
| 245 | 1 | 4 | _aLos animales |
| 260 |
_aBarcelona : _bParramón, _c2006. |
||
| 300 |
_a31 páginas : _bilustraciones |
||
| 490 | 0 | _aEn pocas palabras | |
| 650 | 7 |
_aAnimales _91061 _vLiteratura infantil |
|
| 650 | 4 |
_aAnimales _91056 _xEstudio y enseñanza |
|
| 700 | 1 |
_aMonreal, Violeta, _d1963- _eilustración _929361 |
|
| 902 | _bMaríaRobles/120424 | ||
| 905 | _aInfantil | ||
| 942 |
_2lcc _cLIBRO _n0 |
||
| 999 |
_c126847 _d126847 |
||